New town and village greens (Record no. 77332)
[ view plain ]
| 000 -LEADER | |
|---|---|
| fixed length control field | 01116cab a2200205 4500 |
| 001 - CONTROL NUMBER | |
| control field | ##L134024 |
| 008 - FIXED-LENGTH DATA ELEMENTS--GENERAL INFORMATION | |
| fixed length control field | 060703n2006 000 0 eng u |
| 035 ## - SYSTEM CONTROL NUMBER | |
| System control number | (Sirsi) u134024 |
| 041 0# - LANGUAGE CODE | |
| Language code of text/sound track or separate title | eng |
| 100 1# - MAIN ENTRY--PERSONAL NAME | |
| Personal name | Meager, Rowena |
| 245 00 - TITLE STATEMENT | |
| Title | New town and village greens |
| Remainder of title | a thing of the past? |
| 260 ## - PUBLICATION, DISTRIBUTION, ETC. | |
| Date of publication, distribution, etc. | 2006 |
| 490 #4 - SERIES STATEMENT | |
| Series statement | The Conveyancer |
| Volume/sequential designation | (70) May/June 2006, 265-277(13) |
| 520 ## - SUMMARY, ETC. | |
| Summary, etc. | Examines aspects of the law relating to new town and village greens, with emphasis on the basis on which this law is founded. Evaluates the way in which specific parts of the legislation have been interpreted in recent case law. For communities whose enjoyment of areas of open space is under threat, ways in which to safeguard such an amenity can become an issue of real concern. One particular method of protection, the registration of the space under provisions of the Commons Registration Act 1965, has been gaining popularity of late. |
| 590 ## - LOCAL NOTE (RLIN) | |
| Local note | IKA040706 |
| 650 24 - SUBJECT ADDED ENTRY--TOPICAL TERM | |
| Topical term or geographic name entry element | COMMONS REGISTRATION ACT 1965 |
| 650 24 - SUBJECT ADDED ENTRY--TOPICAL TERM | |
| Topical term or geographic name entry element | COUNTRYSIDE AND RIGHTS OF WAY ACT 2000 |
| 690 ## - LOCAL SUBJECT ADDED ENTRY--TOPICAL TERM (OCLC, RLIN) | |
| Topical term or geographic name as entry element | PROPERTY-RURAL AND NATURAL ASSETS |
| 942 ## - ADDED ENTRY ELEMENTS (KOHA) | |
| Suppress in OPAC | 0 |
| Withdrawn status | Lost status | Source of classification or shelving scheme | Damaged status | Not for loan | Home library | Current library | Shelving location | Date acquired | Total Checkouts | Full call number | Barcode | Date last seen | Copy number | Price effective from | Koha item type |
|---|---|---|---|---|---|---|---|---|---|---|---|---|---|---|---|
| Dewey Decimal Classification | London | London | Journal article | 03/07/2006 | L134024 | 134024-1001 | 06/08/2019 | 1 | 06/08/2019 | Journal article |